| 000 | 00958nam a22002057a 4500 | ||
|---|---|---|---|
| 003 | UPN | ||
| 005 | 20260110063931.0 | ||
| 008 | 250811s2001 br|ao||frt|||i101 0 spa d | ||
| 040 |
_aMX-MxUPN _bspa _cMX-MxUPN |
||
| 050 |
_aLB1060 A83 _b2001 |
||
| 111 |
_aCongreso Internacional de Programas para el desarrollo de las Inteligencias Diversas _c(Foz de Iguazú, Paraná. Brasil) _d5 - 7 octubre de 2001 _957295 |
||
| 245 |
_aBreve memoria del Congreso Internacional : _blos programas para el desarrollo de las inteligencias diversaas a la luz de la educación temprana |
||
| 246 |
_aSimposio Internacional : _blos programas no formales de educación inicial |
||
| 260 |
_aFoz de Iguazú, Paraná, Brasil : _bAsociación Mundial de Educadores Infantiles, _c2001 |
||
| 300 | _a13 hojas | ||
| 650 | 7 |
_aInteligencias múltiples _9171 _xEducación temprana |
|
| 650 | 4 |
_aEducación básica _97340 |
|
| 902 | _aMaiella Martínez / 11082025 | ||
| 942 |
_2lcc _cFOLL _n0 |
||
| 999 |
_c213710 _d213710 |
||